FP - finanční poradce odborný časopis pro finanční poradce a zprostredkovatele
Salvato in:
| Natura: | Periodico |
|---|---|
| Lingua: | ceco |
| Pubblicazione: |
Praha
Economia
2008
|
| Tags: |
Nessun Tag, puoi essere il primo ad aggiungerne!!
|
MARC
| LEADER | 00000nas2a2200000 4500 | ||
|---|---|---|---|
| 001 | 0147710 | ||
| 005 | 20250729092857.0 | ||
| 022 | |a 1214-410X | ||
| 041 | 0 | |a cze | |
| 044 | |a CZ | ||
| 245 | 1 | 0 | |a FP - finanční poradce |b odborný časopis pro finanční poradce a zprostredkovatele |
| 264 | 1 | |a Praha |b Economia |c 2008 | |